A propósito de la institucionalidad democrática y la gobernabilidad en El Salvador /
Bewaard in:
| Hoofdauteur: | |
|---|---|
| Formaat: | Texto |
| Onderwerpen: | |
| Tags: |
Voeg label toe
Geen labels, Wees de eerste die dit record labelt!
|
MARC
| LEADER | 00000 a a2200000 04500 | ||
|---|---|---|---|
| 001 | 5178 | ||
| 003 | |||
| 040 | |||
| 100 | |a González, Luis Armando | ||
| 245 | |a A propósito de la institucionalidad democrática y la gobernabilidad en El Salvador / |c Luis Armando González | ||
| 650 | |a DEMOCRATIZACION | ||
| 650 | |a GOBERNABILIDAD | ||
| 650 | |a MARCO INSTITUCIONAL | ||
| 650 | |a SALVADOREÑOS | ||
| 773 | |g volumen 57, número 644; páginas 473-488 | ||
| 999 | |c 38658 |d 38658 | ||
